Tranformaciones sociales y acciones colectivas: América Latina en el contexto internacional de los noventa

Guardado en:
書目詳細資料
企業作者: El Colegio de Mexico
格式: Texto
出版: El Colegio de Mexico
主題:
標簽: 添加標簽
沒有標簽, 成為第一個標記此記錄!

MARC

LEADER 00000 a a2200000 04500
001 31507
003
040
020 |a 968-12-0583-9  
090 |a 197807  
110 |a El Colegio de Mexico  
245 |a Tranformaciones sociales y acciones colectivas: América Latina en el contexto internacional de los noventa  
260 |a El Colegio de Mexico  
650 |a ACCION COLECTIVA  
650 |a TEORIA  
650 |a CAMBIO SOCIAL  
650 |a MOVIMIENTO ESTUDIANTIL  
650 |a MOVILIZACIONES SOCIALES  
650 |a REPRESION  
650 |a HISTORIA  
999 |c 6370  |d 6370